LEADER 03536nam 2200769 450 001 9910425156603321 005 20221206100339.0 010 $a1-299-43742-7 010 $a3-0352-6154-7 035 $a(CKB)2670000000256065 035 $a(EBL)1054233 035 $a(OCoLC)823235683 035 $a(SSID)ssj0000723258 035 $a(PQKBManifestationID)12326263 035 $a(PQKBTitleCode)TC0000723258 035 $a(PQKBWorkID)10707295 035 $a(PQKB)10591638 035 $a(MiAaPQ)EBC1054233 035 $a(oapen)https://directory.doabooks.org/handle/20.500.12854/32536 035 $a(PPN)229103359 035 $a(EXLCZ)992670000000256065 100 $a20120611h20122012 uy 0 101 0 $afre 135 $aur|n#|||||||| 181 $ctxt$2rdacontent 182 $cc$2rdamedia 183 $acr$2rdacarrier 200 13$aLa hie?rarchie des droits $econvictions religieuses et droits fondamentaux au Canada /$fLouis-Philippe Lampron 210 $aBern$cPeter Lang International Academic Publishing Group$d2012 210 1$aBruxelles :$cPeter Lang,$d2012. 210 4$d©2012 215 $a1 online resource (396 pages) $cdigital file(s) 225 1 $aCollection Diversitas ;$vno. 12 311 08$aPrint version (paperback): 9789052017778 9052017778 320 $aIncludes bibliographical references. 330 $a"Depuis la De?claration de Vienne, adopte?e en 1993, le principe de l'e?galite? hie?rarchique entre les diffe?rents droits et liberte?s fondamentaux n'a jamais e?te? remis en cause de manie?re significative au sein de la communaute? internationale : tous les droits auraient la me?me valeur juridique et aucun de ceux-la? ne pourrait primer sur les autres en cas de conflit. Le pre?sent livre s'attaque a? l'effectivite? du postulat de non-domination des droits et des valeurs en e?tudiant les porte?es, tre?s diffe?rentes, qui furent confe?re?es, au Canada, a? deux ensembles de droits et liberte?s fondamentaux. Car l'e?tude de la jurisprudence canadienne confirme en effet l'existence d'une hie?rarchie juridique mate?rielle favorisant les dispositions prote?geant les convictions religieuses individuelles au sein de l'ensemble des droits fondamentaux. La the?se a? l'origine de cet ouvrage a obtenu la Mention spe?ciale de l'Institut international des droits de l'Homme, a? Strasbourg, dans le cadre du prix de the?se Rene? Cassin 2011 visant a? re?compenser la meilleure the?se francophone dont le sujet est lie? aux droits de l'Homme." -- Provided by publisher. 410 0$aCollection Diversitas ;$vno. 12. 606 $aCivil rights$zCanada 606 $aFreedom of religion$zCanada 606 $aFreedom of expression$zCanada 606 $aReligion and politics 610 $aCanada 610 $aConvictions 610 $adroits 610 $aEgalité hiérarchique 610 $afondamentaux 610 $ahiérarchie 610 $aHomme 610 $aJurisprudence canadienne 610 $aLampron 610 $aLiberté 610 $areligieuses 615 0$aCivil rights 615 0$aFreedom of religion 615 0$aFreedom of expression 615 0$aReligion and politics. 676 $a342.71085 700 $aLampron$b Louis-Philippe$0995531 801 0$bMiAaPQ 801 1$bMiAaPQ 801 1$brda 801 2$bMiAaPQ 801 2$bUkMaJRU 906 $aBOOK 912 $a9910425156603321 996 $aLa hie?rarchie des droits$92280999 997 $aUNINA LEADER 04618nam 2200745 450 001 9910818465703321 005 20220420111955.0 010 $a1-350-22134-1 010 $a1-84813-731-1 010 $a1-282-47307-7 010 $a9786612473074 010 $a1-84813-490-8 024 7 $a10.5040/9781350221345 035 $a(CKB)2550000000006881 035 $a(EBL)482400 035 $a(OCoLC)609855631 035 $a(SSID)ssj0000363079 035 $a(PQKBManifestationID)11278301 035 $a(PQKBTitleCode)TC0000363079 035 $a(PQKBWorkID)10386906 035 $a(PQKB)11195226 035 $a(MiAaPQ)EBC482400 035 $a(Au-PeEL)EBL482400 035 $a(CaPaEBR)ebr10365007 035 $a(CaONFJC)MIL247307 035 $a(OCoLC)1312145166 035 $a(CaBNVSL)9781350221345 035 $a(EXLCZ)992550000000006881 100 $a20220420h20222009 uy 0 101 0 $aeng 135 $aur|n|---||||| 181 $ctxt 182 $cc 183 $acr 200 00$aMegacities$b[electronic resource] $ethe politics of urban exclusion and violence in the global south /$fedited by Kees Koonings and Dirk Kruijt 205 $aFirst edition. 210 1$aLondon [England] :$cZed Books,$d2009. 210 2$a[London, England] :$cBloomsbury Publishing,$d2022 215 $a1 online resource (209 p.) 300 $a"The chapters of this book were originally presented as draft papers at the conference 'The politics of urban poverty, exclusion and violence: comparative analysis and policy insights,' organized in The Hague on 27 and 28 September 2007"--P. vii. 311 $a1-84813-296-4 311 $a1-84813-295-6 320 $aIncludes bibliographical references and index. 327 $aThe rise of megacities and the urbanization of informality, exclusion and violence / Dirk Kruijt and Kees Koonings -- From popular movements to drug gangs to militias : an anatomy of violence in Rio de Janeiro / Robert Gay -- Megacity's violence and its consequences in Rio de Janeiro / Janice Perlman -- Coping with urban violence : state and community responses to crime and insecurity in Guayaquil, Ecuador / Caroline Moser -- Middle Eastern megacities : social exclusion, popular movements and the quiet encroachment of the urban poor / Asef Bayat -- Urban governance and the paradox of conflict / Jo Beall -- Shoot the citizen, save the customer : participatory budgeting and bare citizenship in Porto Alegre, Brazil / Se?rgio Baierle -- Crisis of the state, violence in the city / Mariano Aguirre -- Urban exclusion and the (false) assumptions of spatial policy reform in South Africa / Susan Parnell and Owen Crankshaw -- Conclusions : governing exclusion and violence in megacities / Kees Koonings and Dirk Kruijt. 330 $a"The twenty-first century is set to be the stage for the massive urbanization of the world's population. Particularly, the so-called 'megacities' around the world are rapidly becoming the scene for deprivation and exclusion, especially in what has come to be called the 'global south'. In such large-scale yet concentrated social environments, a complex set of relationships links poverty and exclusion to urban politics, power relations and public policy. Violent actors look for power in strategies that seek access to urban politics and policy-making. The urban poor are confronted with the challenge of charting pathways in their 'encounters with violence'. Local politicians, administrators, grass roots leaders and NGO officials are faced with the puzzle of how to restore effective non-violent institutions, legitimate governance and citizen security. Featuring case studies from across the globe, Megacities examines recent world-wide trends in poverty and social exclusion, urban violence and politics, and links these to the challenges faced by policy-makers and practitioners."--Publisher description. 606 $aUrban poor$zDeveloping countries$vCongresses 606 $aUrban poor$zSouthern Hemisphere$vCongresses 606 $aMarginality, Social$zDeveloping countries$vCongresses 606 $aPolitical science & theory$2bicssc 606 $aUrban communities$2bicssc 615 0$aUrban poor 615 0$aUrban poor 615 0$aMarginality, Social 615 7$aPolitical science & theory 615 7$aUrban communities 676 $a305.569091724 702 $aKruijt$b Dirk 702 $aKoonings$b Kees 801 0$bCaBNVSL 801 1$bCaBNVSL 801 2$bCaBNVSL 906 $aBOOK 912 $a9910818465703321 996 $aMegacities$92507979 997 $aUNINA